| 000 | 00470nam a2200169Ia 4500 | ||
|---|---|---|---|
| 999 |
_c12014 _d12014 |
||
| 003 | OSt | ||
| 005 | 20201005131347.0 | ||
| 008 | 190216s9999||||xx |||||||||||||| ||und|| | ||
| 040 | _coclc | ||
| 082 |
_a823.8 _bBUT/W |
||
| 100 |
_aButler, Samuel _94976 |
||
| 245 | 4 |
_aThe Way Of All Flesh / _cSamuel Butler |
|
| 260 |
_bHeron Books, _c1978. _aLondon: |
||
| 300 | _a414p | ||
| 650 | _aEnglish Novel | ||
| 942 |
_cBK _2ddc _h823.8 _iBUT/W _k823.8 _mBUT/W |
||